000 00632nam a2200217Ii 4500
001 1434
003 CO-ViMGA
008 241108s9999||||xx |||||||||||||| ||und||
020 _a9589694047
040 _aCO-ViMGA
_bspa
_erda
_cCO-ViMGA
041 0 _aspa
084 _aN ROM4
100 1 _aRomero, Flor
_97966
245 1 0 _aYo, Policarpa
264 1 _a[Lugar de publicación no identificado] : UNEDA Unión de Escritores de América, 2003
300 _avolumen
336 _atext
_btxt
_2rdacontent
337 _aunmediated
_bn
_2rdamedia
338 _avolume
_bnc
_2rdacarrier
940 _aidficha_siabuc: 1406. -- ficha_no_siabuc:1434
999 _c46630
_d46630